000 00486nam a22001937a 4500
003 MPLRDC
005 20220104185810.0
008 210129b ||||| |||| 00| 0 eng d
020 _a983-43955-2-0
082 _a859.9 CTX-3
100 _a车太炫 图、文
245 _a你好爱车
_c
250 _a初版
260 _a马来西亚
_b幸运草创意社
_c2010
300 _b
490 _a部落格图文创作集. 3
650 _a儿童文学
942 _cBK
_o859.9 CTX-3
999 _c63490
_d63480